[Event "44.Semif. C. ITA Magistrale"]
[Site "Salsomaggiore Terme ITA"]
[Date "1984.02.24"]
[Round "1.6"]
[White "Gallo, Enrico"]
[Black "Cerchiari, Fulvio Andrea"]
[Result "1/2-1/2"]
[WhiteElo "2046"]
[BlackElo "2040"]
[Annotator "Gabriele Ballarin"]
[PlyCount "47"]
[EventDate "1984.11.24"]
[EventType "swiss"]
[EventRounds "9"]
[EventCountry "ITA"]

1. e4 e5 2. Nf3 Nc6 3. Bb5 a6 4. Ba4 d6 5. Bxc6+ bxc6 6. d4 f6 7. h3 Ne7 8. O-O Ng6 9. Nc3 Be7 10. Ne2 O-O 11. c3 Be6 12. Ng3 Qd7 13. Qc2 f5 14. dxe5 fxe4 15. Qxe4 Bd5 16. Qg4 Qxg4 17. hxg4 Bxf3 18. gxf3 Nxe5 19. Nf5 Bd8 20. Kg2 g6 21. Nd4 c5 22. Ne6 Rf7 23. Bg5 Bxg5 24. Nxg5 1/2-1/2

[Event "44.Semif. C. ITA Magistrale"]
[Site "Salsomaggiore Terme ITA"]
[Date "1984.02.24"]
[Round "1.7"]
[White "Fiore, Mario Angelo"]
[Black "Mantovani, Renzo"]
[Result "0-1"]
[WhiteElo "1986"]
[BlackElo "2146"]
[Annotator "Gabriele Ballarin"]
[PlyCount "103"]
[EventDate "1984.11.24"]
[EventType "swiss"]
[EventRounds "9"]
[EventCountry "ITA"]

1. Nf3 Nf6 2. g3 g6 3. c4 c5 4. Nc3 Bg7 5. Bg2 O-O 6. O-O d5 7. cxd5 Nxd5 8. Qb3 Nc7 9. d3 Nc6 10. Ng5 Bd7 11. Qc4 b6 12. Qh4 h6 13. Nf3 e5 14. Qxd8 Raxd8 15. Bd2 f5 16. Rfd1 Rfe8 17. Rab1 Kh7 18. a3 Nd4 19. b4 cxb4 20. axb4 Ncb5 21. Kf1 Nxf3 22. exf3 Nxc3 23. Bxc3 Bb5 24. Kg1 Bxd3 25. Ra1 a6 26. Bf1 Bxf1 27. Rxd8 Rxd8 28. Kxf1 Rd3 29. Rc1 Rxf3 30. Ke2 e4 31. Bxg7 Kxg7 32. Rc7+ Kf6 33. Rc6+ Kg5 34. Rxb6 Ra3 35. h3 Kh5 36. h4 g5 37. hxg5 hxg5 38. Rf6 Kg4 39. Rg6 Ra2+ 40. Ke3 Ra3+ 41. Ke2 Ra4 42. Rc6 Rxb4 43. Rxa6 Rb2+ 44. Ke3 f4+ 45. gxf4 gxf4+ 46. Kxe4 Re2+ 47. Kd3 Rxf2 48. Rg6+ Kf3 49. Rh6 Rg2 50. Rh3+ Rg3 51. Rh2 Rg8 52. Kd2 0-1

[Event "44.Semif. C. ITA Magistrale"]
[Site "Salsomaggiore Terme ITA"]
[Date "1984.02.24"]
[Round "1.8"]
[White "Catracchia, Mauro"]
[Black "Bolsi, Massimo"]
[Result "1/2-1/2"]
[WhiteElo "1900"]
[BlackElo "1999"]
[Annotator "Gabriele Ballarin"]
[PlyCount "63"]
[EventDate "1984.11.24"]
[EventType "swiss"]
[EventRounds "9"]
[EventCountry "ITA"]

1. d4 Nf6 2. c4 e6 3. Nf3 Bb4+ 4. Nbd2 O-O 5. a3 Be7 6. e4 d5 7. e5 Ne4 8. Bd3 Nxd2 9. Bxd2 dxc4 10. Bxc4 c5 11. dxc5 Bxc5 12. O-O b6 13. Rc1 Bb7 14. b4 Be7 15. Qe2 Nd7 16. Rfd1 Qb8 17. Bf4 Rd8 18. Ng5 Nf8 19. Ne4 Ng6 20. Bg3 Bxe4 21. Qxe4 a5 22. Bb5 axb4 23. axb4 Qa7 24. h4 Qa3 25. h5 Nf8 26. Bc6 Qb3 27. Qf3 Qxf3 28. Bxf3 Rxd1+ 29. Rxd1 Rd8 30. Rxd8 Bxd8 31. Bc6 Bc7 32. f4 1/2-1/2

[Event "44.Semif. C. ITA Magistrale"]
[Site "Salsomaggiore Terme ITA"]
[Date "1984.11.24"]
[Round "1.9"]
[White "Tirabassi, Maurizio"]
[Black "Valguarnera, Girolamo"]
[Result "1-0"]
[WhiteElo "2117"]
[BlackElo "1999"]
[Annotator "Gabriele Ballarin"]
[PlyCount "81"]
[EventDate "1984.11.24"]
[EventType "swiss"]
[EventRounds "9"]
[EventCountry "ITA"]

1. d4 Nf6 2. c4 e6 3. Nc3 d5 4. Bg5 Be7 5. cxd5 exd5 6. e3 O-O 7. Bd3 c6 8. Qc2 h6 9. Bh4 Re8 10. Nf3 Ne4 11. Bxe7 Qxe7 12. Bxe4 dxe4 13. Nd2 Bf5 14. O-O g6 15. Ne2 Na6 16. Ng3 Nb4 17. Qb1 Nd5 18. Nxf5 gxf5 19. g3 Qg5 20. h4 Qg4 21. Kh2 Nxe3 22. fxe3 Qe2+ 23. Kh3 Qxd2 24. Qc1 Qa5 25. Qc3 Qd5 26. Rf4 Rac8 27. Raf1 c5 28. Rxf5 Qxa2 29. d5 Rc7 30. Qf6 Qa6 31. d6 Rd7 32. R1f4 Qxd6 33. Rg4+ Kf8 34. Qh8+ Ke7 35. Re5+ Kd8 36. Rxe8+ Kc7 37. Rgxe4 Qd1 38. Qxh6 Qh1+ 39. Kg4 f5+ 40. Kxf5 Qf3+ 41. Qf4+ 1-0

[Event "44.Semif. C. ITA Magistrale"]
[Site "Salsomaggiore Terme ITA"]
[Date "1984.02.24"]
[Round "1.10"]
[White "Messa, Roberto"]
[Black "Drei, Andrea"]
[Result "0-1"]
[WhiteElo "2337"]
[BlackElo "2170"]
[Annotator "Gabriele Ballarin"]
[PlyCount "124"]
[EventDate "1984.11.24"]
[EventType "swiss"]
[EventRounds "9"]
[EventCountry "ITA"]

1. e4 c5 2. Nf3 e6 3. d4 cxd4 4. Nxd4 a6 5. Bd3 Nf6 6. O-O d6 7. f4 Be7 8. Kh1 Nbd7 9. f5 Ne5 10. Nc3 O-O 11. Nce2 Nxd3 12. cxd3 e5 13. Nf3 Bd7 14. Qb3 Bc6 15. Be3 Qd7 16. Nc3 Bd8 17. Rac1 b5 18. h3 Re8 19. Bg5 Nh5 20. Rfd1 Bxg5 21. Nxg5 h6 22. Nf3 Nf6 23. Nh2 Qb7 24. Ng4 Nxg4 25. hxg4 Rac8 26. Nd5 Bxd5 27. Qxd5 Qxd5 28. exd5 Kf8 29. b4 Ke7 30. Kh2 Kd7 31. Kg3 Rxc1 32. Rxc1 e4 33. d4 e3 34. Kf3 e2 35. Re1 Rc8 36. Rxe2 Rc4 37. Ke4 Rxb4 38. Rd2 Ke7 39. Rc2 Rc4 40. Rd2 Kf6 41. Kd3 Kg5 42. Re2 Rc7 43. Re8 Kxg4 44. f6 g5 45. Re7 Rc1 46. Rxf7 Rf1 47. Rf8 h5 48. f7 h4 49. Ke2 Rf6 50. Ke3 Kf5 51. Ra8 Rxf7 52. Rxa6 Re7+ 53. Kf2 Re4 54. a4 bxa4 55. Rxa4 Kf4 56. Ra6 Rxd4 57. Rxd6 Rd2+ 58. Kf1 Kg3 59. Rc6 Rd1+ 60. Ke2 Rxd5 61. Kf1 Rd1+ 62. Ke2 Rg1 0-1

[Event "44.Semif. C. ITA Magistrale"]
[Site "Salsomaggiore Terme ITA"]
[Date "1984.02.24"]
[Round "1.11"]
[White "Rodella, Franco"]
[Black "Passerotti, Pierluigi"]
[Result "1/2-1/2"]
[WhiteElo "1910"]
[BlackElo "2248"]
[Annotator "Gabriele Ballarin"]
[PlyCount "24"]
[EventDate "1984.11.24"]
[EventType "swiss"]
[EventRounds "9"]
[EventCountry "ITA"]

1. Nf3 Nf6 2. d4 e6 3. c4 d5 4. Qc2 Nbd7 5. e3 Ne4 6. Nc3 Nxc3 7. bxc3 c5 8. cxd5 exd5 9. Be2 Be7 10. O-O O-O 11. a4 Nf6 12. Ba3 Qc7 1/2-1/2

[Event "44.Semif. C. ITA Magistrale"]
[Site "Salsomaggiore Terme ITA"]
[Date "1984.02.24"]
[Round "1.12"]
[White "Bellatalla, Emilio"]
[Black "Paoli, Enrico"]
[Result "1/2-1/2"]
[WhiteElo "1900"]
[BlackElo "2190"]
[Annotator "Gabriele Ballarin"]
[PlyCount "98"]
[EventDate "1984.11.24"]
[EventType "swiss"]
[EventRounds "9"]
[EventCountry "ITA"]

1. d4 d5 2. c4 dxc4 3. e4 e5 4. Nf3 exd4 5. Bxc4 Bb4+ 6. Bd2 Bxd2+ 7. Nbxd2 Nc6 8. O-O Nf6 9. e5 Ng4 10. h3 Nh6 11. Nb3 Nf5 12. Bb5 Bd7 13. Qd3 Nh4 14. Nbxd4 Nxf3+ 15. Nxf3 a6 16. Ba4 Qe7 17. Bxc6 Bxc6 18. Rfd1 O-O 19. Nd4 Bd7 20. Nf5 Bxf5 21. Qxf5 Rad8 22. Rac1 c6 23. a3 h6 24. f4 Qe6 25. Qxe6 fxe6 26. g3 Kf7 27. Kf2 Ke7 28. Ke3 g5 29. fxg5 hxg5 30. Rxd8 Kxd8 31. Rd1+ Ke7 32. Rd2 Rf5 33. Ke4 Rf1 34. Rh2 Re1+ 35. Kd4 c5+ 36. Kxc5 Rxe5+ 37. Kd4 Kd6 38. h4 gxh4 39. gxh4 Rh5 40. Ke4 e5 41. Kf3 Ke6 42. Kg4 Rh8 43. h5 Rg8+ 44. Kf3 Rf8+ 45. Ke4 Rf4+ 46. Ke3 Rf7 47. h6 Rh7 48. Ke4 Kf6 49. Rh3 Ke6 1/2-1/2

[Event "44.Semif. C. ITA Magistrale"]
[Site "Salsomaggiore Terme ITA"]
[Date "1984.02.24"]
[Round "1.13"]
[White "Primavera, Roberto"]
[Black "Pipitone, Antonio"]
[Result "1-0"]
[WhiteElo "2153"]
[BlackElo "2048"]
[Annotator "Gabriele Ballarin"]
[PlyCount "139"]
[EventDate "1984.11.24"]
[EventType "swiss"]
[EventRounds "9"]
[EventCountry "ITA"]

1. e4 c5 2. Nf3 d6 3. d4 cxd4 4. Nxd4 Nf6 5. Bd3 Nc6 6. Nxc6 bxc6 7. c4 g6 8. Bd2 Bg7 9. Bc3 O-O 10. O-O e5 11. Qa4 Bd7 12. c5 Qe7 13. cxd6 Qxd6 14. Rd1 c5 15. Qc2 Bc6 16. Na3 Qe7 17. Nc4 Nh5 18. g3 Rad8 19. Be2 Nf6 20. Bf3 Nd7 21. Ba5 Rc8 22. Nd6 Rb8 23. Bg2 f5 24. exf5 Bxg2 25. Kxg2 e4 26. Qxe4 Qxe4+ 27. Nxe4 gxf5 28. Bc3 fxe4 29. Bxg7 Kxg7 30. Rxd7+ Rf7 31. Rxf7+ Kxf7 32. b3 Rd8 33. Re1 Rd4 34. Kf1 Kf6 35. Re2 Rd1+ 36. Kg2 Rd4 37. Rc2 Rd5 38. Rc4 Ke5 39. Kf1 h5 40. Ke2 Kf5 41. h3 Ke5 42. Ra4 Rd7 43. Ra6 Kd4 44. h4 Rf7 45. Rd6+ Ke5 46. Rh6 Rf5 47. Rh7 a6 48. Rh6 a5 49. Ra6 Rf3 50. Rxa5 Kd4 51. Ra4+ Ke5 52. Ra8 Rc3 53. Rh8 Kd4 54. Rd8+ Ke5 55. Rd2 Rf3 56. Kd1 Rc3 57. Rc2 Rd3+ 58. Ke2 Kd5 59. Rd2 Rd4 60. Rxd4+ cxd4 61. f3 e3 62. Kd3 Kc5 63. a4 Kb4 64. a5 Kxb3 65. a6 e2 66. Kxe2 Kc2 67. a7 d3+ 68. Kf2 d2 69. a8=Q d1=Q 70. Qa4+ 1-0

[Event "44.Semif. C. ITA Magistrale"]
[Site "Salsomaggiore Terme ITA"]
[Date "1984.02.24"]
[Round "1.14"]
[White "Simoli, Sergio"]
[Black "Luppi, Sergio Guido     "]
[Result "1-0"]
[WhiteElo "2155"]
[BlackElo "1988"]
[Annotator "Gabriele Ballarin"]
[PlyCount "77"]
[EventDate "1984.11.24"]
[EventType "swiss"]
[EventRounds "9"]
[EventCountry "ITA"]

1. e4 e6 2. d4 d5 3. Nc3 Bb4 4. e5 Qd7 5. Qg4 f5 6. Qh5+ g6 7. Qf3 b6 8. h4 h6 9. Nh3 Ba6 10. Nf4 Ne7 11. Rh3 Bxf1 12. Kxf1 Bxc3 13. bxc3 Nbc6 14. g4 O-O-O 15. gxf5 gxf5 16. Rg3 Rhg8 17. Rxg8 Rxg8 18. Qh5 Nd8 19. a4 Qc6 20. Bd2 Qc4+ 21. Nd3 a5 22. Qxh6 Rg4 23. f3 Rg3 24. Qf4 Rg7 25. h5 Nf7 26. Kf2 Qc6 27. Qh4 Ng8 28. Nf4 Qe8 29. Ng6 Kd7 30. Rg1 Rh7 31. Nf4 Qe7 32. Qg3 Nfh6 33. Bc1 Qf7 34. Qg6 Ne7 35. Qg5 Nhg8 36. Ba3 Nh6 37. Ng6 Nhg8 38. Rg2 Rg7 39. Nf8+ 1-0

[Event "44.Semif. C. ITA Magistrale"]
[Site "Salsomaggiore Terme ITA"]
[Date "1984.02.24"]
[Round "1.15"]
[White "Luciani, Carlo"]
[Black "Rossi, Gianpiero"]
[Result "1/2-1/2"]
[WhiteElo "2144"]
[BlackElo "2014"]
[Annotator "Gabriele Ballarin"]
[PlyCount "94"]
[EventDate "1984.11.24"]
[EventType "swiss"]
[EventRounds "9"]
[EventCountry "ITA"]

1. e4 c5 2. Nf3 e6 3. d4 cxd4 4. Nxd4 a6 5. Bd3 Nc6 6. Nf3 Qc7 7. O-O Nf6 8. Re1 d6 9. c4 Be7 10. Nc3 O-O 11. h3 b6 12. Bf4 Bb7 13. Rc1 Ne5 14. Nxe5 dxe5 15. Bg5 Rfd8 16. Qe2 h6 17. Be3 Nd7 18. Qg4 Nf6 19. Qe2 Nd7 20. Bb1 Rac8 21. Na4 Nc5 22. Nxc5 Bxc5 23. b3 Rd7 24. Rcd1 Rcd8 25. Bc1 Rxd1 26. Rxd1 Rxd1+ 27. Qxd1 Qe7 28. Qd3 a5 29. Be3 Bxe3 30. Qxe3 Qd6 31. Qd3 Qxd3 32. Bxd3 Kf8 33. Kf1 Ke7 34. Ke2 Kd6 35. Kd2 Kc5 36. Kc3 Bc6 37. a3 Bd7 38. b4+ axb4+ 39. axb4+ Kd6 40. Bc2 f6 41. Kb3 Be8 42. Ka3 g5 43. Ba4 Bg6 44. f3 f5 45. Bc2 f4 46. Ba4 h5 47. Bc2 h4 1/2-1/2

[Event "44.Semif. C. ITA Magistrale"]
[Site "Salsomaggiore Terme ITA"]
[Date "1984.02.24"]
[Round "1.16"]
[White "Anceschi, Vittorio"]
[Black "Ventura, Franco"]
[Result "1/2-1/2"]
[WhiteElo "2192"]
[BlackElo "2146"]
[Annotator "Gabriele Ballarin"]
[PlyCount "25"]
[EventDate "1984.11.24"]
[EventType "swiss"]
[EventRounds "9"]
[EventCountry "ITA"]

1. e4 e6 2. d4 d5 3. Nc3 Bb4 4. Nge2 dxe4 5. a3 Be7 6. Nxe4 Nf6 7. N2c3 Nbd7 8. Bf4 Nxe4 9. Nxe4 Nf6 10. Qd3 Bd7 11. Be2 Bc6 12. Bf3 Nxe4 13. Bxe4 1/2-1/2

[Event "44.Semif. C. ITA Magistrale"]
[Site "Salsomaggiore Terme ITA"]
[Date "1984.02.24"]
[Round "1.17"]
[White "Gasser, Giorgio"]
[Black "Pienabarca, Nicola"]
[Result "1/2-1/2"]
[WhiteElo "2034"]
[BlackElo "1909"]
[Annotator "Gabriele Ballarin"]
[PlyCount "57"]
[EventDate "1984.11.24"]
[EventType "swiss"]
[EventRounds "9"]
[EventCountry "ITA"]

1. e4 e6 2. d4 d5 3. Nd2 Nf6 4. e5 Nfd7 5. f4 c5 6. c3 Nc6 7. Ndf3 Qb6 8. Ne2 Be7 9. g3 a5 10. Bg2 Ndb8 11. O-O cxd4 12. Nfxd4 Nxd4 13. Nxd4 Nc6 14. Kh1 O-O 15. Rf3 a4 16. g4 g6 17. g5 Kg7 18. Rh3 Bd7 19. Rh6 a3 20. b3 Na5 21. Ne2 Qb5 22. Ng3 Qa6 23. Nh5+ gxh5 24. Rxh7+ Kxh7 25. Qxh5+ Kg8 26. g6 fxg6 27. Qxg6+ Kh8 28. Qh6+ Kg8 29. Qg6+ 1/2-1/2

[Event "44.Semif. C. ITA Magistrale"]
[Site "Salsomaggiore Terme ITA"]
[Date "1984.02.24"]
[Round "1.18"]
[White "Benedetti, Fabrizio"]
[Black "Magrin, Antonio"]
[Result "1-0"]
[WhiteElo "2094"]
[BlackElo "2116"]
[Annotator "Gabriele Ballarin"]
[PlyCount "85"]
[EventDate "1984.11.24"]
[EventType "swiss"]
[EventRounds "9"]
[EventCountry "ITA"]

1. e4 g6 2. d4 Bg7 3. Nf3 d6 4. h3 Nf6 5. Bd3 O-O 6. O-O Nc6 7. Re1 e5 8. d5 Ne7 9. c4 Nh5 10. Nc3 a6 11. b4 f5 12. c5 f4 13. Ba3 Bf6 14. Qb3 Kh8 15. b5 g5 16. bxa6 bxa6 17. cxd6 cxd6 18. Qb4 g4 19. hxg4 Bxg4 20. Qxd6 Bxf3 21. Qxd8 Rfxd8 22. gxf3 Nc6 23. Bc5 Nd4 24. Bxd4 exd4 25. Na4 Rg8+ 26. Kf1 Rg5 27. Rab1 Rag8 28. Rb7 Be5 29. d6 Nf6 30. d7 R5g7 31. Nc5 Rd8 32. Bxa6 Re7 33. Bb5 Bd6 34. Rc1 d3 35. Nxd3 Nxd7 36. a4 Ne5 37. Rxe7 Nxd3 38. Rcc7 Bxc7 39. Rxc7 Ne5 40. Ke2 h5 41. Rc5 Kg7 42. Rxe5 Kg6 43. Be8+ 1-0

[Event "44.Semif. C. ITA Magistrale"]
[Site "Salsomaggiore Terme ITA"]
[Date "1984.02.24"]
[Round "1.19"]
[White "Piccardo, Marco"]
[Black "Pederzoli, Sergio"]
[Result "0-1"]
[WhiteElo "2002"]
[BlackElo "1937"]
[Annotator "Gabriele Ballarin"]
[PlyCount "66"]
[EventDate "1984.11.24"]
[EventType "swiss"]
[EventRounds "9"]
[EventCountry "ITA"]

1. e4 e5 2. Nf3 Nc6 3. Bb5 a6 4. Ba4 Nf6 5. O-O Be7 6. d3 b5 7. Bb3 O-O 8. Re1 d6 9. c3 Na5 10. Bc2 c5 11. Nbd2 Qc7 12. Nf1 Bd7 13. Ne3 g6 14. h3 Nc6 15. g4 Qc8 16. Nd5 Nxd5 17. exd5 Nd8 18. d4 f5 19. dxe5 fxg4 20. Nh2 Bh4 21. e6 Bxf2+ 22. Kh1 Nxe6 23. dxe6 Bc6+ 24. Re4 Qxe6 25. Qxg4 Rae8 26. Bh6 Qxg4 27. Nxg4 Rxe4 28. Bxe4 Bxe4+ 29. Kh2 Rf3 30. Bg5 Bg3+ 31. Kg1 Bc6 32. Rd1 h5 33. Nf6+ Kf7 0-1

[Event "44.Semif. C. ITA Magistrale"]
[Site "Salsomaggiore Terme ITA"]
[Date "1984.02.24"]
[Round "1.20"]
[White "Ricca, Roberto"]
[Black "Pecci, Pierluigi"]
[Result "0-1"]
[WhiteElo "1900"]
[BlackElo "2017"]
[Annotator "Gabriele Ballarin"]
[PlyCount "46"]
[EventDate "1984.11.24"]
[EventType "swiss"]
[EventRounds "9"]
[EventCountry "ITA"]

1. e4 Nf6 2. Nc3 d5 3. e5 Nfd7 4. d4 e6 5. Nf3 c5 6. Be3 a6 7. Qd2 Nc6 8. Ne2 cxd4 9. Bxd4 Qc7 10. Qf4 Nb4 11. Ng5 Nb8 12. Ng3 Nxc2+ 13. Kd1 Nxa1 14. Bd3 Nc6 15. Bc3 h6 16. Nf3 d4 17. Nxd4 Nb4 18. Bb1 Nd5 19. Qf3 Bd7 20. Kd2 Nxc3 21. bxc3 Rc8 22. Be4 Qa5 23. Rxa1 Rxc3 0-1

[Event "44.Semif. C. ITA Magistrale"]
[Site "Salsomaggiore Terme ITA"]
[Date "1984.02.24"]
[Round "1.21"]
[White "Bellia, Fabrizio"]
[Black "Minarelli, Guido"]
[Result "1/2-1/2"]
[WhiteElo "2139"]
[BlackElo "2102"]
[Annotator "Gabriele Ballarin"]
[PlyCount "26"]
[EventDate "1984.11.24"]
[EventType "swiss"]
[EventRounds "9"]
[EventCountry "ITA"]

1. e4 e5 2. Nf3 Nc6 3. Bc4 Nf6 4. d3 Be7 5. Nc3 d6 6. h3 O-O 7. a3 Be6 8. O-O h6 9. Re1 Nh7 10. Nd5 Bf6 11. c3 Ne7 12. d4 Ng6 13. Ne3 Ng5 1/2-1/2

[Event "44.Semif. C. ITA Magistrale"]
[Site "Salsomaggiore Terme ITA"]
[Date "1984.11.24"]
[Round "1.22"]
[White "Laco, Giuseppe"]
[Black "Sani, Valentino"]
[Result "1-0"]
[WhiteElo "2146"]
[BlackElo "1914"]
[Annotator "Gabriele Ballarin"]
[PlyCount "57"]
[EventDate "1984.11.24"]
[EventType "swiss"]
[EventRounds "9"]
[EventCountry "ITA"]

1. c4 e6 2. Nc3 Nf6 3. e4 e5 4. f4 d6 5. Nf3 Bg4 6. h3 Bxf3 7. Qxf3 Nbd7 8. f5 c6 9. g4 h6 10. d3 Qb6 11. Rb1 Be7 12. Be3 Qc7 13. Be2 Nb6 14. Rc1 Rd8 15. h4 Nfd7 16. g5 h5 17. O-O Nb8 18. a3 Qd7 19. b4 c5 20. b5 a5 21. Rb1 Rc8 22. Rf2 Bd8 23. Bf1 Rc7 24. Bh3 Qe7 25. Bd2 N8d7 26. Ne2 a4 27. Ng3 g6 28. Rbf1 Nf8 29. f6 1-0

[Event "44.Semif. C. ITA Magistrale"]
[Site "Salsomaggiore Terme ITA"]
[Date "1984.02.24"]
[Round "1.23"]
[White "Amovilli, Mauro"]
[Black "Accorsini, Cesare"]
[Result "1-0"]
[WhiteElo "2082"]
[BlackElo "2035"]
[Annotator "Gabriele Ballarin"]
[PlyCount "43"]
[EventDate "1984.11.24"]
[EventType "swiss"]
[EventRounds "9"]
[EventCountry "ITA"]

1. d4 e6 2. e4 d5 3. e5 c5 4. c3 Nc6 5. Nf3 Qb6 6. a3 c4 7. g3 f6 8. exf6 Nxf6 9. Bg2 Bd6 10. O-O O-O 11. Qe2 Ne4 12. Nbd2 Nxd2 13. Bxd2 Qxb2 14. Ng5 Rf6 15. a4 Na5 16. Rfb1 Qc2 17. Ne4 dxe4 18. Bxe4 Qxb1+ 19. Rxb1 Bd7 20. Qh5 Be7 21. Qxh7+ Kf7 22. Bg5 1-0

[Event "44.Semif. C. ITA Magistrale"]
[Site "Salsomaggiore Terme ITA"]
[Date "1984.02.25"]
[Round "2.1"]
[White "Lantini, Marco"]
[Black "Palmiotto, Fiorentino"]
[Result "1/2-1/2"]
[WhiteElo "2017"]
[BlackElo "2067"]
[Annotator "Gabriele Ballarin"]
[PlyCount "40"]
[EventDate "1984.11.24"]
[EventType "swiss"]
[EventRounds "9"]
[EventCountry "ITA"]

1. Nf3 Nf6 2. d4 d5 3. g3 e6 4. c4 c6 5. Bg2 Be7 6. O-O Nbd7 7. Qc2 O-O 8. Nbd2 Qc7 9. e4 Nxe4 10. Nxe4 dxe4 11. Qxe4 Nf6 12. Qe2 b6 13. Ne5 Bb7 14. Bf4 Bd6 15. c5 bxc5 16. dxc5 Bxc5 17. Ng6 Qb6 18. Nxf8 Ba6 19. Qc2 Bxf1 20. Nxh7 Bxg2 1/2-1/2

[Event "44.Semif. C. ITA Magistrale"]
[Site "Salsomaggiore Terme ITA"]
[Date "1984.02.25"]
[Round "2.2"]
[White "Gagliardi, Pietro"]
[Black "Mantovani, Renzo"]
[Result "0-1"]
[WhiteElo "2058"]
[BlackElo "2146"]
[Annotator "Gabriele Ballarin"]
[PlyCount "78"]
[EventDate "1984.11.24"]
[EventType "swiss"]
[EventRounds "9"]
[EventCountry "ITA"]

1. e4 c5 2. Nf3 Nc6 3. d4 cxd4 4. Nxd4 Nf6 5. Nc3 e6 6. Ndb5 d6 7. Bf4 e5 8. Bg5 a6 9. Bxf6 gxf6 10. Na3 b5 11. Nd5 Be6 12. c4 Nd4 13. Bd3 Rg8 14. Kf1 Rb8 15. Nc2 Nxc2 16. Bxc2 Bh6 17. cxb5 axb5 18. Qf3 Rg6 19. h3 Kf8 20. Bd3 Kg7 21. Ne3 Bxe3 22. Qxe3 Qd7 23. g4 Rh8 24. f3 h5 25. Kf2 hxg4 26. hxg4 Rgh6 27. Rxh6 Rxh6 28. Kg2 d5 29. Rh1 Rxh1 30. Kxh1 d4 31. Qe2 Bc4 32. Kg2 Qc8 33. Kg3 Bxd3 34. Qxd3 Qc1 35. g5 Qg1+ 36. Kh3 Qxg5 37. Qxb5 Qe3 38. Qf1 d3 39. Qg2+ Kf8 0-1

[Event "44.Semif. C. ITA Magistrale"]
[Site "Salsomaggiore Terme ITA"]
[Date "1984.11.25"]
[Round "2.3"]
[White "Drei, Andrea"]
[Black "Tirabassi, Maurizio"]
[Result "0-1"]
[WhiteElo "2170"]
[BlackElo "2117"]
[Annotator "Gabriele Ballarin"]
[PlyCount "26"]
[EventDate "1984.11.24"]
[EventType "swiss"]
[EventRounds "9"]
[EventCountry "ITA"]

1. e4 c5 2. Nf3 e6 3. d4 cxd4 4. Nxd4 Nf6 5. Nc3 d6 6. Be2 Nc6 7. Be3 Be7 8. O-O O-O 9. f4 a6 10. Bf3 Qc7 11. Qd2 Na5 12. b3 Bd7 13. Nce2 e5 0-1

[Event "44.Semif. C. ITA Magistrale"]
[Site "Salsomaggiore Terme ITA"]
[Date "1984.02.25"]
[Round "2.4"]
[White "Primavera, Roberto"]
[Black "Simoli, Sergio"]
[Result "1/2-1/2"]
[WhiteElo "2153"]
[BlackElo "2155"]
[Annotator "Gabriele Ballarin"]
[PlyCount "50"]
[EventDate "1984.11.24"]
[EventType "swiss"]
[EventRounds "9"]
[EventCountry "ITA"]

1. e4 c5 2. Nf3 Nc6 3. d4 cxd4 4. Nxd4 Nf6 5. Nc3 e5 6. Ndb5 d6 7. a4 a6 8. Na3 Be7 9. h3 Be6 10. Be3 Rc8 11. Be2 O-O 12. O-O Nb4 13. Bf3 d5 14. exd5 Nbxd5 15. Nxd5 Nxd5 16. Bd2 Qc7 17. c4 Nf4 18. Qb3 Bxa3 19. Qxa3 Bxc4 20. Rfc1 Nd3 21. b3 Nxc1 22. Rxc1 Qd7 23. Bb4 Be6 24. Bxf8 Rxf8 25. Qb4 a5 1/2-1/2

[Event "44.Semif. C. ITA Magistrale"]
[Site "Salsomaggiore Terme ITA"]
[Date "1984.02.25"]
[Round "2.5"]
[White "Pederzoli, Sergio"]
[Black "Benedetti, Fabrizio"]
[Result "1/2-1/2"]
[WhiteElo "1937"]
[BlackElo "2094"]
[Annotator "Gabriele Ballarin"]
[PlyCount "91"]
[EventDate "1984.11.24"]
[EventType "swiss"]
[EventRounds "9"]
[EventCountry "ITA"]

1. e4 c5 2. Nf3 e6 3. d4 cxd4 4. Nxd4 a6 5. Bd3 Bc5 6. Nb3 Ba7 7. O-O Nc6 8. Kh1 Nf6 9. f4 h5 10. Qf3 Ng4 11. Nc3 b5 12. Nd1 Bb7 13. Bd2 Ne7 14. Na5 Bc8 15. a4 bxa4 16. Rxa4 d5 17. Bc3 Kf8 18. f5 exf5 19. exf5 Rh6 20. Qe2 Kg8 21. Bd2 Rh8 22. Bb4 Bd7 23. Bxe7 Qc7 24. Raf4 Qxa5 25. Bb4 Qc7 26. Qe7 Re8 27. Qd6 Qxd6 28. Bxd6 Rh6 29. Bb4 Bb5 30. Bxb5 axb5 31. Re1 Rxe1+ 32. Bxe1 Ra6 33. Bh4 Ra1 34. Rf1 b4 35. h3 Ne5 36. Ne3 Rxf1+ 37. Nxf1 Nc4 38. Be7 Nxb2 39. Bxb4 Nc4 40. g4 hxg4 41. hxg4 Ne5 42. Nh2 Nc6 43. Bc3 Bd4 44. Be1 Kf8 45. Nf3 Ke7 46. Kg2 1/2-1/2

[Event "44.Semif. C. ITA Magistrale"]
[Site "Salsomaggiore Terme ITA"]
[Date "1984.11.25"]
[Round "2.6"]
[White "Pecci, Pierluigi"]
[Black "Laco, Giuseppe"]
[Result "1/2-1/2"]
[WhiteElo "2017"]
[BlackElo "2146"]
[Annotator "Gabriele Ballarin"]
[PlyCount "117"]
[EventDate "1984.11.24"]
[EventType "swiss"]
[EventRounds "9"]
[EventCountry "ITA"]

1. c4 e5 2. Nc3 g6 3. g3 Bg7 4. Bg2 c6 5. e4 d6 6. Nge2 Be6 7. b3 Ne7 8. d4 exd4 9. Nxd4 Qa5 10. Bb2 Na6 11. O-O Nc7 12. Rc1 Rd8 13. Re1 h5 14. h4 Bg4 15. f3 Bc8 16. Na4 O-O 17. Bc3 Qa6 18. Kh2 b5 19. cxb5 cxb5 20. Bf1 Qb7 21. Ba5 Rd7 22. Nb2 a6 23. Bh3 f5 24. Qd2 Kh7 25. Rc2 Bxd4 26. Qxd4 Nc6 27. Qb6 Ne5 28. Re3 Na8 29. Qxb7 Bxb7 30. Bc3 Rc7 31. Rce2 fxe4 32. fxe4 Ng4+ 33. Bxg4 hxg4 34. Bb4 Rc1 35. Nd3 Rc6 36. e5 Rf1 37. exd6 Rh1+ 38. Kg2 Rcc1+ 39. Re4 Rcg1+ 40. Kf2 Rf1+ 41. Ke3 Rf3+ 42. Kd4 Bxe4 43. Kxe4 Nb6 44. Ne5 Rxg3 45. d7 Rd1 46. Bd2 Nxd7 47. Nxd7 Rgg1 48. Kd3 g3 49. Kc2 Ra1 50. Kb2 g2 51. Re7+ Kg8 52. Nf6+ Kf8 53. Bb4 Rgb1+ 54. Ka3 a5 55. Nh7+ Kg8 56. Nf6+ Kf8 57. Nd7+ Kg8 58. Nf6+ Kf8 59. Bc5 1/2-1/2

[Event "44.Semif. C. ITA Magistrale"]
[Site "Salsomaggiore Terme ITA"]
[Date "1984.02.25"]
[Round "2.7"]
[White "Mussap, Angelo"]
[Black "Amovilli, Mauro"]
[Result "1/2-1/2"]
[WhiteElo "1900"]
[BlackElo "2082"]
[Annotator "Gabriele Ballarin"]
[PlyCount "52"]
[EventDate "1984.11.24"]
[EventType "swiss"]
[EventRounds "9"]
[EventCountry "ITA"]

1. e4 c5 2. Nf3 d6 3. d4 Nf6 4. Nc3 cxd4 5. Nxd4 a6 6. Be2 e5 7. Nb3 Be7 8. Be3 Qc7 9. O-O b5 10. a3 Bb7 11. Qd3 Nbd7 12. f4 O-O 13. Bf3 Nb6 14. Nd2 Nc4 15. Nxc4 bxc4 16. Qe2 Rab8 17. Ba7 Rbc8 18. Be3 Ba8 19. Qf2 Rb8 20. Rab1 Rfe8 21. Qg3 Bf8 22. fxe5 dxe5 23. Kh1 Bc6 24. Bg5 Nd7 25. Be2 Nb6 26. Be3 Ba8 1/2-1/2